[Event "2017 South African Open Ch"]
[Site "Durban"]
[Date "2017.07.18"]
[Round "7"]
[White "Mwali, Chitumbo"]
[Black "Mnguni, Jacob Dumisani"]
[Result "1-0"]
[WhiteElo "2356"]
[BlackElo "2147"]
[Annotator "TA"]
[PlyCount "67"]
[EventDate "2017.??.??"]
[EventCountry "RSA"]
[SourceTitle "playchess.com"]
[Source "ChessBase"]
[SourceQuality "1"]

{[%evp 11,67,16,23,17,21,17,14,11,8,8,11,0,0,-1,7,9,8,0,0,-4,0,-4,0,-21,-27,-20,47,-66,-75,-77,-66,-92,-87,-118,-120,-129,-25,-100,24,20,21,32,66,68,145,154,175,152,353,289,489,468,1216,1216,1214,1214,1211,1204]} 1. c4 c6 2. g3 d5 3. Bg2 Nf6 4. Nf3 Bg4 5. cxd5 cxd5 6. Ne5 Bd7 {LiveBook: 6 Games. A11: English Opening: 1...c6} (6... Bf5 7. O-O Nbd7 8. d4 e6 9. Nc3 Be7 10. Qb3 Qb6 11. Qxb6 Nxb6 12. a4 Nbd7 13. Bf4 Nxe5 14. dxe5 Nd7 15. e4 dxe4 16. Nxe4 Bxe4 17. Bxe4 {½-½ (44) Glud,J (2514)-Schneider,I (2504) Germany 2017}) 7. O-O Nc6 8. Nxd7 Qxd7 {The position is equal.} 9. d3 e6 $146 ({Predecessor:} 9... g6 10. Nc3 Bg7 11. Bg5 O-O 12. Bxf6 Bxf6 13. Nxd5 Bxb2 14. Rb1 {1-0 (32) Mwali,C (2291)-Luanja,G (2197) Lusaka 2017}) 10. Nc3 Be7 11. Bf4 O-O 12. Qa4 a6 13. Rfc1 Rac8 14. a3 h6 15. Rab1 Rfd8 16. b4 b5 17. Qxa6 e5 18. Be3 Nb8 ({Black should try} 18... d4 $11 19. Nxb5 Nb8) 19. Qxb5 (19. Qa7 $14 d4 20. Qxd7 Nbxd7 21. Bxd4 exd4 22. Nxb5) 19... Rxc3 $1 $15 20. Qxd7 Rxc1+ 21. Bxc1 Nbxd7 22. a4 {[#]} Rc8 $1 23. Bd2 Kf8 (23... Rc2 $17 24. Be1 Rxe2) 24. a5 (24. Rb2 $1 $11) 24... Rb8 (24... Rc2 $17 25. Be1 Rxe2) 25. b5 $11 {[%cal Bb4b5,Bb5b6,Bb6b7][%mdl 32]} Bc5 26. b6 Ke7 27. b7 {[%mdl 1024] Hoping for a6. White has compensation.} Kd6 (27... Ba7 $1 $14) 28. a6 $16 {aiming for Rc1.} Kc7 {[#]} 29. Ba5+ $1 Kd6 $2 (29... Kc6 $16 30. Rc1 Re8) 30. Bh3 Ba7 $2 (30... Kc6 31. Rc1 Kb5) 31. Rc1 $18 {White is clearly winning.} Ke7 (31... d4 $142 32. Bb4+ Kd5) 32. Rc8 Ne8 33. Bb4+ Nd6 34. Rc6 {Precision: White = 58%, Black = 41%.} 1-0

[Event "2017 South African Open Ch"]
[Site "Durban"]
[Date "2017.07.18"]
[Round "7"]
[White "Oatlhotse, Providence"]
[Black "Grover, Sahaj"]
[Result "0-1"]
[WhiteElo "2190"]
[BlackElo "2484"]
[Annotator "TA"]
[PlyCount "70"]
[EventDate "2017.??.??"]
[EventCountry "RSA"]
[SourceTitle "playchess.com"]
[Source "ChessBase"]
[SourceQuality "1"]

{[%evp 23,70,-53,-10,0,35,13,66,0,0,-85,-83,-102,-91,-135,-89,-91,-95,-117,-97,-147,-31,-29,-20,-12,-37,-14,0,0,0,-12,-15,0,0,-22,0,0,0,-72,-50,-29962,-29963,-29953,-6048,-29989,-29990,-29991,-29992,-29993,-29994]} 1. d4 Nf6 2. c4 e6 3. Nf3 d5 4. Nc3 Bb4 5. Bg5 h6 6. Bh4 dxc4 7. e3 b5 8. a4 c6 9. Be2 Bb7 {D43: Semi-Slav: 5 Bg5 h6} 10. O-O Qb6 11. Ne5 Nbd7 12. f4 a6 {LiveBook: 7 Games} 13. Bh5 {[#]} Rf8 $146 ({Predecessor:} 13... g6 14. Bf3 Rg8 {½-½ (14) Jianu,V (2506)-Landa,K (2608) Dresden 2007}) 14. Kh1 (14. Ne4 $5) 14... Nxe5 (14... Nxh5 $11 15. Qxh5 Nf6 16. Bxf6 gxf6) 15. fxe5 (15. dxe5 $14 Nxh5 16. Qxh5) 15... Nxh5 $11 16. Qxh5 (16. Ne4 $1 $11) 16... c5 $1 $17 17. Qg4 {[#]} g5 $1 {[%cal Rg5h4]} 18. Bf2 O-O-O 19. axb5 axb5 20. Bg1 Qc6 21. d5 Qd7 ({Black should play} 21... Rxd5 $1 $17 {aiming for ...Rd2.} 22. Nxd5 Qxd5) 22. dxe6 $15 fxe6 {And now ...Rxf1 would win.} 23. Rxf8 $1 Rxf8 24. Rd1 $1 {[%cal Rd1d7] [#]} h5 $1 {[%mdl 512]} 25. Qxh5 Qc6 {[%csl Gb7][%cal Rc6g2]} 26. Qxg5 Bxc3 27. bxc3 b4 $40 {[%cal Bb5b4,Bb4b3,Bb3b2][%mdl 160] Black has some attack.} 28. Qg7 Rd8 (28... Qe8 $5 {[%cal Rf8g8]} 29. Rd7 Rg8 30. Rc7+ Kd8 31. Rd7+ Qxd7 32. Qxg8+ Qe8 33. Qg5+ Kc7 34. cxb4 cxb4 $17) 29. Rxd8+ Kxd8 30. Qg8+ ({Don't blunder} 30. Bf2 $2 {[#]} Qxg2+ $1 {[%mdl 512]} 31. Qxg2 Bxg2+ 32. Kxg2 b3 $19) (30. cxb4 $11 cxb4 31. Qf6+ Kc7 32. Qe7+ Kc8 33. e4) 30... Kc7 {[%mdl 1024] Black has strong compensation.} (30... Qe8 $5 {[%cal Re8g8]} 31. Qg5+ Kc7 32. cxb4 cxb4 $17) 31. Qh7+ $2 {[%mdl 8192]} (31. cxb4 $15 c3 32. e4) 31... Kb6 {[%csl Gb7][%cal Rc6g2]} 32. e4 b3 {( -> ...b2)} 33. Qe7 b2 {Black mates.} 34. Qd8+ Kb5 35. Qd1 Qxe4 {Precision: White = 29%, Black = 52%.} 0-1

[Event "2017 South African Open Ch"]
[Site "Durban"]
[Date "2017.07.18"]
[Round "7"]
[White "Solomons, Deon"]
[Black "Subke, Jason James"]
[Result "1-0"]
[WhiteElo "2120"]
[BlackElo "1932"]
[Annotator "NA"]
[PlyCount "73"]
[EventDate "2017.??.??"]
[EventCountry "RSA"]
[SourceTitle "playchess.com"]
[Source "ChessBase"]
[SourceQuality "1"]
[TimeControl "5400+30"]

1. Nf3 {[%emt 0:00:00]} d5 {[%emt 0:00:38]} 2. g3 {[%emt 0:01:13]} Nf6 {[%emt 0:00:37]} 3. Bg2 {[%emt 0:00:05]} c6 {[%emt 0:00:25]} 4. O-O {[%emt 0:00:47]} Bf5 {[%emt 0:00:12]} 5. d3 {[%emt 0:00:24]} Nbd7 {[%emt 0:00:57]} 6. Nbd2 {[%emt 0:00:11]} e5 {[%emt 0:00:20]} 7. Qe1 {[%emt 0:06:08]} Bg6 {[%emt 0:01:18]} 8. e4 {[%emt 0:00:37]} dxe4 {[%emt 0:00:26]} 9. dxe4 {[%emt 0:00:10]} Bc5 {[%emt 0:01:26]} 10. Nh4 {[%emt 0:00:26]} Qe7 {[%emt 0:02:56]} 11. a4 {[%emt 0:04:41]} O-O {[%emt 0:00:41]} 12. Nb3 {[%emt 0:00:56]} Bd6 {[%emt 0:00:47]} 13. Bg5 {[%emt 0:02:39]} Qe6 {[%emt 0:02:49]} 14. Qe2 {[%emt 0:10:07]} Nc5 {[%emt 0:02:28]} 15. Nd2 {[%emt 0:04:21]} a5 {[%emt 0:01:54]} 16. f3 {[%emt 0:04:39]} Rfe8 {[%emt 0:03:27]} 17. Rfd1 {[%emt 0:03:23]} Rad8 {[%emt 0:01:42]} 18. Bf1 {[%emt 0:00:45]} Bc7 {[%emt 0:02:13]} 19. Qf2 {[%emt 0:02:07]} b6 {[%emt 0:03:30]} 20. Be2 {[%emt 0:02:57]} Rd7 {[%emt 0:01:35]} 21. Be3 {[%emt 0:00:28]} Red8 {[%emt 0:03:26]} 22. Nxg6 {[%emt 0:00:49]} hxg6 {[%emt 0:00:37]} 23. b3 {[%emt 0:00:42]} Qe7 {[%emt 0:03:44]} 24. Nc4 {[%emt 0:00:55]} Rxd1+ {[%emt 0:01:23]} 25. Rxd1 {[%emt 0:00:04]} Rxd1+ {[%emt 0:00:09]} 26. Bxd1 {[%emt 0:00:05]} Nfd7 {[%emt 0:01:17]} 27. Qd2 {[%emt 0:00:29]} Qe6 {[%emt 0:01:24]} 28. Be2 {[%emt 0:01:19]} Kh7 {[%emt 0:01:47]} 29. Bf1 {[%emt 0:04:14]} f5 {[%emt 0:02:08]} 30. Bh3 {[%emt 0:01:41]} Qf6 {[%emt 0:06:05]} 31. Bg5 {[%emt 0:03:58]} Qe6 {[%emt 0:00:28]} 32. Ne3 {[%emt 0:00:43]} Qf7 {[%emt 0:03:36]} 33. exf5 {[%emt 0:02:18]} gxf5 {[%emt 0:00:14]} 34. Bxf5+ {[%emt 0:05:18]} g6 {[%emt 0:00:18]} 35. Bxd7 {[%emt 0:00:46]} Nxd7 {[%emt 0:00:32]} 36. Ng4 {[%emt 0:00:22]} Qf5 {[%emt 0:04:39]} 37. Qxd7+ 1-0

[Event "2017 South African Open Ch"]
[Site "Durban"]
[Date "2017.07.18"]
[Round "7"]
[White "Bhawoodien, Mohamed Ozayr"]
[Black "Pon, Matt"]
[Result "1/2-1/2"]
[WhiteElo "2103"]
[BlackElo "2163"]
[Annotator "NA"]
[PlyCount "76"]
[EventDate "2017.??.??"]
[EventCountry "RSA"]
[SourceTitle "playchess.com"]
[Source "ChessBase"]
[SourceQuality "1"]
[TimeControl "5400+30"]

1. d4 {[%emt 0:03:26]} Nf6 {[%emt 0:00:27]} 2. c4 {[%emt 0:00:18]} g6 {[%emt 0:00:14]} 3. Nc3 {[%emt 0:00:15]} Bg7 {[%emt 0:00:20]} 4. e4 {[%emt 0:00:46]} d6 {[%emt 0:00:17]} 5. Nf3 {[%emt 0:00:06]} O-O {[%emt 0:00:19]} 6. h3 {[%emt 0:00:04]} e5 {[%emt 0:01:35]} 7. d5 {[%emt 0:00:11]} a5 {[%emt 0:02:02]} 8. Bg5 {[%emt 0:00:14]} Na6 {[%emt 0:02:56]} 9. Nd2 {[%emt 0:00:22]} Qe8 {[%emt 0:01:47]} 10. Be2 {[%emt 0:00:08]} Nd7 {[%emt 0:01:41]} 11. a3 {[%emt 0:00:34] E92: King's Indian: Classical: 6 Be2 e5: 7 dxe5, 7 Be3 and Petrosian System without 7...Nbd7} h6 {[%emt 0:05:50]} 12. Bh4 {[%emt 0:01:45]} Nac5 $146 {[%emt 0:01:55]} ({Predecessor:} 12... Nb6 13. g4 a4 14. f3 Nc5 15. Qc2 c6 16. Bf2 Bd7 17. O-O-O cxd5 18. exd5 f5 {1-0 (51) Movsesian,S (2698)-Grischuk,A (2763) Istanbul 2012}) 13. b4 {[%emt 0:03:27]} axb4 {[%emt 0:01:02]} 14. axb4 {[%emt 0:00:05]} Rxa1 {[%emt 0:00:19]} 15. Qxa1 {[%emt 0:00:05]} Na6 {[%emt 0:00:14]} 16. Qa3 {[%emt 0:05:36]} f5 {[%emt 0:05:47]} 17. f3 {[%emt 0:00:22]} Bf6 {[%emt 0:01:04]} 18. Bf2 {[%emt 0:01:36]} Qe7 {[%emt 0:04:48]} 19. Nb3 {[%emt 0:05:22]} Bh4 {[%emt 0:04:43]} 20. g3 {[%emt 0:00:19]} Bf6 {[%emt 0:00:19]} 21. c5 {[%emt 0:03:24]} Nab8 {[%emt 0:02:45]} 22. Qa4 {[%emt 0:16:55]} (22. h4 $16) 22... f4 {[%emt 0:01:23]} 23. h4 {[%emt 0:04:31]} fxg3 {[%emt 0:00:27]} 24. Bxg3 {[%emt 0:00:05]} dxc5 {[%emt 0:04:24]} 25. Bc4 {[%emt 0:18:31]} Kh7 {[%emt 0:06:13]} 26. bxc5 {[%emt 0:00:37]} Nxc5 {[%emt 0:00:35]} 27. Nxc5 {[%emt 0:00:22]} Qxc5 {[%emt 0:00:05]} 28. Bf2 {[%emt 0:00:10]} Qe7 {[%emt 0:00:15]} 29. h5 {[%emt 0:05:48]} g5 {[%emt 0:00:39]} 30. Bf1 {[%emt 0:00:51]} Bg7 {[%emt 0:00:21]} 31. Bh3 {[%emt 0:01:37]} Bxh3 {[%emt 0:01:18]} ({Weaker is} 31... Rxf3 32. Bxc8 Rxc3 33. O-O $11) 32. Rxh3 {[%emt 0:00:01]} Nd7 {[%emt 0:03:52]} 33. Nd1 {[%emt 0:03:27] [#]} Rf6 {[%emt 0:01:21]} (33... c6 $142 $1 {[%mdl 512]} 34. Qc4 (34. dxc6 Qe6) 34... cxd5 35. exd5 Kh8) 34. Kf1 {[%emt 0:02:16]} (34. Qb3 $17) 34... Nb6 {[%emt 0:00:20]} (34... Qf7 $17 35. Ne3 Ra6) 35. Qc2 {[%emt 0:01:24]} Qd7 {[%emt 0:00:49]} 36. Kg2 {[%emt 0:02:45]} Nc8 {[%emt 0:02:14]} 37. Ne3 $11 {[%emt 0:00:43]} Ra6 {[%emt 0:00:04]} 38. Rh1 {[%emt 0:00:56]} Rf6 {[%emt 0:01:09]} 1/2-1/2

[Event "2017 South African Open Ch"]
[Site "Durban"]
[Date "2017.07.18"]
[Round "7"]
[White "Govindasamy, Nashlen"]
[Black "Mpya, Tshediso M"]
[Result "0-1"]
[WhiteElo "2087"]
[BlackElo "1897"]
[Annotator "NA RC"]
[PlyCount "108"]
[EventDate "2017.??.??"]
[EventCountry "RSA"]
[SourceTitle "playchess.com"]
[Source "ChessBase"]
[SourceQuality "1"]
[TimeControl "5400+30"]

1. d4 {[%emt 0:10:19]} d5 {[%emt 0:00:10]} 2. c4 {[%emt 0:00:09]} c6 {[%emt 0:00:06]} 3. Nf3 {[%emt 0:00:06]} Nf6 {[%emt 0:00:07]} 4. e3 {[%emt 0:00:07]} a6 {[%emt 0:00:26]} 5. Nbd2 {[%emt 0:07:23]} Bg4 {[%emt 0:01:17] D11: Slav Defence: 3 Nf3 sidelines and 3...Nf6 4 e3 Bg4} (5... Bf5 6. Nh4 Be4 7. Qb3 Ra7 8. Nxe4 dxe4 9. Nf5 e6 10. Ng3 c5 11. dxc5 Nbd7 12. Qa4 Bxc5 13. Bd2 O-O {½-½ (31) Kovalyov,A (2643)-Erenburg,S (2550) Medellin 2017}) 6. h3 {[%emt 0:11:34]} Bf5 {[%emt 0:00:43]} 7. Be2 {[%emt 0:00:52]} h6 $146 {[%emt 0:00:17]} ({Predecessor:} 7... e6 8. O-O Nbd7 9. Nh4 Bg6 10. Nxg6 hxg6 11. b3 Bd6 12. Bb2 Qe7 13. Qc2 {1-0 (40) Elkin,L (2191)-Gagic,M (1880) Budva 2009}) 8. O-O {[%emt 0:00:21]} e6 {[%emt 0:00:09]} 9. Ne5 {[%emt 0:06:18]} Bd6 {[%emt 0:03:08]} 10. f4 {[%emt 0:01:56]} O-O {[%emt 0:02:20]} 11. c5 {[%emt 0:00:58]} Bc7 {[%emt 0:00:14]} 12. b4 {[%emt 0:07:59]} Ne4 {[%emt 0:00:24]} 13. Nxe4 {[%emt 0:10:10]} Bxe4 {[%emt 0:00:12]} 14. Bd2 {[%emt 0:01:04]} f6 {[%emt 0:00:15]} 15. Ng4 {[%emt 0:01:14]} Nd7 {[%emt 0:00:51]} 16. a4 {[%emt 0:03:00]} Qe8 {[%emt 0:01:31]} 17. Nf2 {[%emt 0:03:55]} Bg6 {[%emt 0:00:17]} 18. b5 {[%emt 0:05:23]} e5 {[%emt 0:00:37]} 19. bxc6 {[%emt 0:01:47]} bxc6 {[%emt 0:00:03]} 20. Bg4 {[%emt 0:00:28]} f5 {[%emt 0:06:18]} 21. Bf3 {[%emt 0:03:26]} exf4 {[%emt 0:00:12]} 22. exf4 {[%emt 0:00:04]} Nf6 {[%emt 0:00:13]} 23. Nd3 {[%emt 0:01:22]} Ne4 {[%emt 0:00:21]} 24. Ne5 {[%emt 0:03:44]} Bxe5 {[%emt 0:00:09]} 25. fxe5 {[%emt 0:00:24]} Rb8 {[%emt 0:01:12]} 26. Be2 {[%emt 0:05:00]} Rb2 {[%emt 0:03:54]} 27. Be1 {[%emt 0:00:15]} Qe7 {[%emt 0:00:28]} 28. Rb1 {[%emt 0:10:54]} Rfb8 {[%emt 0:00:16]} 29. Rxb2 {[%emt 0:00:07]} Rxb2 {[%emt 0:00:09]} 30. Bf3 {[%emt 0:00:56]} Qg5 {[%emt 0:03:34]} 31. Bxe4 {[%emt 0:01:29]} fxe4 {[%emt 0:00:04]} 32. Rf2 $1 {[%emt 0:00:47]} Rb8 {[%emt 0:00:34]} 33. Qg4 {[%emt 0:02:13]} (33. Rf1 $15) 33... Qxg4 {[%emt 0:09:55]} 34. hxg4 {[%emt 0:00:01]} Rb1 {[%emt 0:00:24]} 35. Rf1 {[%emt 0:01:02]} e3 {[%emt 0:02:07]} 36. Bh4 {[%emt 0:00:30]} Rb2 {[%emt 0:01:37]} 37. Re1 {[%emt 0:00:40]} Be4 {[%emt 0:00:46]} 38. Rxe3 {[%emt 0:00:18]} Rxg2+ {[%emt 0:00:08]} 39. Kf1 {[%emt 0:00:18]} Rxg4 {[%emt 0:00:10]} 40. Bf2 {[%emt 0:00:25]} Kf7 {[%emt 0:01:31]} 41. Rg3 $2 {[%emt 0:00:22]} (41. Ke2 $17) 41... Rxg3 {[%emt 0:01:09]} 42. Bxg3 {[%emt 0:00:02]} g5 {[%emt 0:00:11]} 43. Be1 {[%emt 0:00:35]} Bf5 {[%emt 0:00:14]} 44. Kf2 {[%emt 0:00:34]} h5 {[%emt 0:00:21]} 45. Bd2 {[%emt 0:00:29]} Kg6 {[%emt 0:00:08]} 46. Ba5 {[%emt 0:00:21]} h4 {[%emt 0:00:14]} 47. Bd8 {[%emt 0:00:09]} Kh5 {[%emt 0:00:10]} 48. a5 $19 {[%emt 0:00:49]} g4 {[%emt 0:00:18]} 49. Kg2 {[%emt 0:00:44]} g3 {[%emt 0:00:10]} 50. e6 {[%emt 0:00:36]} Bxe6 {[%emt 0:00:07]} 51. Kf3 {[%emt 0:01:05]} Bf5 {[%emt 0:00:22]} 52. Bc7 {[%emt 0:00:08]} Be4+ {[%emt 0:00:02]} 53. Ke2 {[%emt 0:00:30]} Kg4 {[%emt 0:00:09]} 54. Bd6 {[%emt 0:01:01]} h3 0-1

[Event "2017 South African Open Ch"]
[Site "Durban"]
[Date "2017.07.18"]
[Round "7"]
[White "Bhawoodien, Shabir Hussain"]
[Black "Abrantes, Persson"]
[Result "0-1"]
[WhiteElo "2066"]
[BlackElo "2003"]
[Annotator "NA RC"]
[PlyCount "116"]
[EventDate "2017.??.??"]
[EventCountry "RSA"]
[SourceTitle "playchess.com"]
[Source "ChessBase"]
[SourceQuality "1"]
[TimeControl "5400+30"]

1. e4 {[%emt 0:03:59]} g6 {[%emt 0:00:39]} 2. d4 {[%emt 0:00:20]} d6 {[%emt 0:00:02]} 3. c4 {[%emt 0:00:49]} Bg7 {[%emt 0:00:07]} 4. Nc3 {[%emt 0:00:07]} Nf6 {[%emt 0:00:10]} 5. f3 {[%emt 0:00:02]} Nc6 {[%emt 0:02:08]} 6. Nge2 {[%emt 0:01:07]} O-O {[%emt 0:00:36]} 7. Be3 {[%emt 0:00:42]} e5 {[%emt 0:00:22]} 8. d5 {[%emt 0:00:14]} Na5 {[%emt 0:00:44]} 9. Nc1 {[%emt 0:04:28] E85: King's Indian: Sämisch: 6...e5} b6 {[%emt 0:00:26]} (9... c5 10. g4 a6 11. h4 Bd7 12. h5 b5 13. Qd2 Rb8 14. Rb1 Rb7 15. Bd3 Qb8 16. Kf2 bxc4 {0-1 (62) Riemersma,L (2426)-Zhou,Y (2437) Amsterdam 2013}) 10. b4 {[%emt 0:02:30]} Nb7 {[%emt 0:00:02]} 11. Nd3 {[%emt 0:01:57]} Nh5 {[%emt 0:00:12]} 12. g4 $146 {[%emt 0:03:07]} ({Predecessor:} 12. c5 bxc5 13. bxc5 dxc5 14. Nxc5 f5 15. Nxb7 Bxb7 16. Rb1 Bc8 {1-0 (32) Plichta,K (2257)-Kowalczyk,M (1655) Poznan 2014}) 12... Nf4 {[%emt 0:00:20]} 13. Nxf4 {[%emt 0:02:18]} exf4 {[%emt 0:00:02]} 14. Bd4 {[%emt 0:00:26]} Qh4+ {[%emt 0:00:02]} 15. Ke2 {[%emt 0:00:53]} a5 {[%emt 0:02:05]} 16. Bxg7 {[%emt 0:00:22]} Kxg7 {[%emt 0:00:03]} 17. a3 {[%emt 0:06:14]} Bd7 {[%emt 0:06:13]} 18. Bg2 {[%emt 0:17:26]} Rfe8 {[%emt 0:01:22]} 19. Qe1 {[%emt 0:07:07]} Qf6 {[%emt 0:00:06]} 20. Qd2 {[%emt 0:05:56]} g5 {[%emt 0:05:21]} 21. Kd3 {[%emt 0:05:14]} axb4 {[%emt 0:10:17]} 22. axb4 {[%emt 0:00:24]} b5 {[%emt 0:01:08]} 23. Qf2 {[%emt 0:08:30]} bxc4+ {[%emt 0:04:17]} 24. Kxc4 {[%emt 0:00:15]} (24. Kc2 $142) 24... c5 {[%emt 0:01:43]} 25. dxc6 {[%emt 0:02:46]} Qe6+ {[%emt 0:06:45]} 26. Nd5 {[%emt 0:03:48]} Bxc6 {[%emt 0:00:32]} 27. Qd4+ {[%emt 0:01:34]} f6 {[%emt 0:01:47]} 28. Kd3 {[%emt 0:08:45]} Rec8 {[%emt 0:02:58]} (28... Bxd5 $5 29. Qxd5 Qd7 $11) 29. Rxa8 {[%emt 0:01:48]} (29. Rhc1 $5 {[%cal Ra1a8]} Nd8 30. Kd2 $15 (30. Ra7+ $2 Rxa7 31. Qxa7+ Nf7 $19)) 29... Rxa8 {[%emt 0:00:51]} 30. Rc1 {[%emt 0:00:22]} Nd8 {[%emt 0:05:38]} 31. Kd2 $1 {[%emt 0:03:34]} Ra2+ {[%emt 0:14:15]} 32. Rc2 {[%emt 0:00:05]} Bxd5 {[%emt 0:00:12]} 33. Qxd5 {[%emt 0:01:23]} Rxc2+ {[%emt 0:00:21]} 34. Kxc2 {[%emt 0:00:00]} Qc8+ {[%emt 0:00:15]} 35. Kb3 {[%emt 0:04:02]} Qa6 {[%emt 0:03:51]} 36. Qc4 {[%emt 0:00:47]} Qa1 {[%emt 0:01:07]} 37. Qf1 {[%emt 0:00:50]} Qd4 {[%emt 0:00:21]} 38. Qc4 {[%emt 0:00:43]} Qf2 {[%emt 0:01:09]} 39. Qc2 {[%emt 0:00:17]} Qe3+ {[%emt 0:00:53]} 40. Qc3 {[%emt 0:00:14]} Qg1 {[%emt 0:00:18]} 41. Qc2 {[%emt 0:00:57]} Ne6 {[%emt 0:00:04]} 42. Qd2 {[%emt 0:00:29]} Qb1+ {[%emt 0:01:06]} 43. Ka4 {[%emt 0:01:23]} Qa1+ {[%emt 0:02:06]} ({Better is} 43... Nc7 $17 44. Ka5 Qg1) 44. Kb5 {[%emt 0:00:05]} Qe5+ {[%emt 0:02:19]} 45. Kc4 {[%emt 0:01:54]} Nc7 {[%emt 0:00:05]} 46. Qd4 {[%emt 0:00:27]} Qb5+ {[%emt 0:00:10]} 47. Kb3 {[%emt 0:00:37]} Qa6 {[%emt 0:04:07]} 48. Qc3 {[%emt 0:01:34]} Nb5 {[%emt 0:00:37]} 49. Qb2 {[%emt 0:01:01]} Qb6 {[%emt 0:00:24]} 50. Qd2 {[%emt 0:00:19]} Kf7 {[%emt 0:02:28]} 51. Bf1 {[%emt 0:00:06]} Nd4+ {[%emt 0:00:19]} 52. Ka3 {[%emt 0:00:55]} Ke7 $15 {[%emt 0:01:50]} ({Better is} 52... Nxf3 $17 53. Qd5+ Kg7) 53. Bc4 {[%emt 0:00:33]} (53. Qc3 $142) 53... Kd8 {[%emt 0:04:26]} 54. Qd3 {[%emt 0:00:06]} Kc7 {[%emt 0:00:30]} 55. e5 {[%emt 0:00:03]} Qa7+ {[%emt 0:01:00]} 56. Kb2 fxe5 {[%emt 0:01:15]} 57. Qxh7+ {[%emt 0:00:10]} Kb6 {[%emt 0:00:18]} 58. Qg6 Qc7 0-1

[Event "2017 South African Open Ch"]
[Site "Durban"]
[Date "2017.07.18"]
[Round "7"]
[White "Oberholzer, Francois"]
[Black "Salimu, Reuben"]
[Result "1-0"]
[WhiteElo "2046"]
[BlackElo "1968"]
[Annotator "NA RC"]
[PlyCount "71"]
[EventDate "2017.??.??"]
[EventCountry "RSA"]
[SourceTitle "playchess.com"]
[Source "ChessBase"]
[SourceQuality "1"]
[TimeControl "5400+30"]

1. e4 {[%emt 0:00:00]} e5 {[%emt 0:01:53]} 2. Nf3 {[%emt 0:00:00]} Nc6 {[%emt 0:00:09]} 3. Bb5 {[%emt 0:00:00]} a6 {[%emt 0:00:09]} 4. Ba4 {[%emt 0:00:00]} Nf6 {[%emt 0:00:08]} 5. d3 {[%emt 0:00:03]} d6 {[%emt 0:00:37]} 6. c3 {[%emt 0:00:22]} Be7 {[%emt 0:00:07]} 7. O-O {[%emt 0:00:17]} O-O {[%emt 0:00:09]} 8. Re1 {[%emt 0:00:55]} h6 {[%emt 0:09:27]} 9. Nbd2 {[%emt 0:00:53]} Nh7 {[%emt 0:02:24] C84: Closed Ruy Lopez: Unusual White 6th moves} (9... Re8 10. Nf1 Bf8 11. Ng3 b5 12. Bb3 Na5 13. Bc2 c5 14. d4 cxd4 15. cxd4 exd4 16. Nxd4 Bb7 17. Bf4 Rc8 18. Rc1 g5 19. Bd2 Nc4 20. Bc3 d5 21. Ndf5 b4 22. Bd4 dxe4 {1-0 (55) Oparin,G (2597)-Fedoseev,V (2665) Kolomna 2016}) 10. d4 {[%emt 0:21:50]} b5 {[%emt 0:06:13]} 11. Bb3 {[%emt 0:00:19]} Bf6 {[%emt 0:01:23]} 12. Bd5 {[%emt 0:03:57]} Bd7 {[%emt 0:00:16]} 13. dxe5 {[%emt 0:00:45]} dxe5 {[%emt 0:00:15]} 14. Nb3 {[%emt 0:02:52]} a5 $146 {[%emt 0:11:54]} ({Predecessor:} 14... Qe7 15. Be3 Rfd8 16. Qc2 Ng5 17. Nxg5 Bxg5 {½-½ (30) Babaev,R (2468)-Marholev,D (2401) Tournefeuille 2008}) 15. Be3 {[%emt 0:05:30]} a4 {[%emt 0:04:08]} 16. Nc5 {[%emt 0:01:23]} Rb8 {[%emt 0:00:29]} 17. Qe2 {[%emt 0:12:23]} Qc8 {[%emt 0:03:36]} 18. Rad1 {[%emt 0:09:48]} Be8 {[%emt 0:04:10]} 19. a3 {[%emt 0:01:36]} Ne7 {[%emt 0:07:17]} 20. Ba2 {[%emt 0:03:21]} Bc6 {[%emt 0:01:42]} 21. Nd3 {[%emt 0:06:33]} Ng6 {[%emt 0:03:36]} 22. Bc5 {[%emt 0:00:12]} Rd8 {[%emt 0:02:43]} 23. h4 {[%emt 0:02:56]} Rxd3 {[%emt 0:17:25]} (23... Re8 $14) 24. Qxd3 {[%emt 0:03:30]} ({And not} 24. Rxd3 Nf4 $11) 24... Nf4 {[%emt 0:00:50]} 25. Qf1 {[%emt 0:02:40]} Qg4 $16 {[%emt 0:00:20]} 26. Bd5 {[%emt 0:04:26]} Bxd5 {[%emt 0:02:28]} 27. exd5 {[%emt 0:00:07]} e4 {[%emt 0:00:22]} 28. Nh2 {[%emt 0:01:10]} Qxh4 {[%emt 0:01:34]} 29. g3 {[%emt 0:04:08]} Nh3+ {[%emt 0:02:20]} 30. Kg2 {[%emt 0:00:25]} Qh5 {[%emt 0:00:58]} 31. Qe2 {[%emt 0:00:59]} Qxe2 {[%emt 0:01:09]} 32. Rxe2 {[%emt 0:00:03]} N3g5 {[%emt 0:00:15]} 33. Ng4 {[%emt 0:01:05]} Bd8 {[%emt 0:01:03]} 34. Ne5 {[%emt 0:01:03]} Nf6 {[%emt 0:00:41]} 35. Nc6 {[%emt 0:00:42]} Rc8 {[%emt 0:00:11]} 36. Be7 1-0